Nowe polskie miasta od 2025 r. - Statystyki

Ogólne statystyki
  • Ten quiz został rozwiązany 38 razy
  • Średni wynik to 5 z 7
Statystyki odpowiedzi
Liczba ludności Województwo Powiat Miasto % Poprawnych
2617 puławski Kurów
83%
2020 lubelskie puławski Końskowola
79%
423 mazowieckie zwoleński Kazanów
72%
975 puławski Wąwolnica
69%
4767 pomorskie słupski Kobylnica
62%
2573 wielkopolskie średzki Zaniemyśl
62%
1038 świętokrzyskie jędrzejowski Sobków
55%
Nie znaleziono quizów pasujących do podanych kryteriów
Rozkład punktacji
Procent ludzi z każdym wynikiem
Percentyl według liczby udzielonych odpowiedzi
Twoja historia wyników
Nie rozwiązałeś tego quizu